Participantes do Campeonato Brasileiro 2022 - Série A - Statistics

Estatísticas Gerais
  • Esse quiz foi jogado 152 vezes
  • A pontuação média é 19 de 20
Estatísticas das Respostas
Cidade/UF Clube % Correto
Rio de Janeiro/RJ Flamengo
99%
Santos/SP Santos
99%
Belo Horizonte/MG Atlético Mineiro
98%
Rio de Janeiro/RJ Botafogo
98%
São Paulo/SP Corinthians
98%
Cuiabá/MT Cuiabá
98%
Rio de Janeiro/RJ Fluminense
98%
Fortaleza/CE Fortaleza
98%
Goiânia/GO Goiás
98%
Porto Alegre/RS Internacional
98%
São Paulo/SP São Paulo
98%
São Paulo/SP Palmeiras
97%
Bragança Paulista/SP Red Bull Bragantino
97%
Curitiba/PR Athlético Paranaense
96%
Belo Horizonte/MG América
95%
Fortaleza/CE Ceará
95%
Curitiba/PR Coritiba
95%
Goiânia/GO Atlético Goianiense
93%
Caxias do Sul/RS Juventude
93%
Florianópolis/SC Avaí
89%
Nenhum quiz correspondente encontrado
Distribuição das Pontuações
Porcentagem de Pessoas com Cada Pontuação
Percentil de Números Respondidos
Sua Pontuação Histórica
Você não jogou esse quiz